| 000 | 00584nam a2200217 a 4500 | ||
|---|---|---|---|
| 999 |
_c4844 _d4844 |
||
| 001 | 4844 | ||
| 003 | BD-JhCC | ||
| 005 | 20171209130238.0 | ||
| 008 | 171204s1934 bg |||| ||a| 00| 0 eng d | ||
| 035 | _a(BD-JhCC)4844 | ||
| 040 |
_aBD-JhCC _dBD-JhCC |
||
| 041 | _aeng | ||
| 082 |
_a808.042 _bJEP 1934 |
||
| 100 | _aJepson, R. W. | ||
| 245 |
_aThe Writers Craft / _c R. W. Jepson |
||
| 260 |
_aToronto _aMelBourne : _bJ. M. And Sons LTD, _c1934. |
||
| 300 |
_a181 p. : _c17 cm. |
||
| 650 |
_aEnglish Language _xRhetoric _xCompsition And Exercises |
||
| 942 |
_2ddc _cBK |
||